[Event "IECG C1.2000.0.00269"]
[Site "IECG email"]
[Date "2000.03.20"]
[Round "?"]
[White "Otto, Jeffrey M"]
[Black "Lievano Alvarado, Luis Salvador"]
[Result "1/2-1/2"]
[WhiteElo "1960"]
[BlackElo "1959"]
[PlyCount "51"]
[EventDate "2000.03.20"]
[EventType "tourn (corr)"]
[EventRounds "6"]
[SourceTitle "Corr 2008"]
[Source "ChessBase"]
[SourceDate "2008.06.24"]
[SourceVersion "1"]
[SourceVersionDate "2008.06.24"]
[SourceQuality "1"]

1. c4 e6 2. Nf3 d5 3. b3 Be7 4. g3 Bf6 5. d4 c5 6. cxd5 cxd4 7. Bb2 Qxd5 8. Bxd4 Nc6 9. Nc3 Qa5 10. Bxf6 Nxf6 11. Qc2 Nb4 12. Qd2 0-0 13. Rc1 Rd8 14. Qb2 Nbd5 15. Nd2 Nxc3 16. Qxc3 Qxc3 17. Rxc3 Bd7 18. Bg2 Rac8 19. Rxc8 Rxc8 20. 0-0 Rc2 21. Rd1 Bb5 22. Nc4 Kf8 23. Na3 Bxe2 24. Nxc2 Bxd1 25. Ne3 Be2 26. Bxb7 1/2-1/2

[Event "IECG C1.2000.0.00269"]
[Site "IECG email"]
[Date "2000.03.17"]
[Round "?"]
[White "Lievano Alvarado, Luis Salvador"]
[Black "Perez, Maria Jose"]
[Result "0-1"]
[WhiteElo "1959"]
[BlackElo "1599"]
[PlyCount "64"]
[EventDate "2000.03.20"]
[EventType "tourn (corr)"]
[EventRounds "6"]
[SourceTitle "Corr 2008"]
[Source "ChessBase"]
[SourceDate "2008.06.24"]
[SourceVersion "1"]
[SourceVersionDate "2008.06.24"]
[SourceQuality "1"]

1. d4 Nf6 2. Nf3 e6 3. c4 b6 4. g3 Bb7 5. Bg2 Be7 6. 0-0 0-0 7. Nc3 Ne4 8. Nxe4 Bxe4 9. b3 d5 10. Bb2 Nd7 11. Ne5 Bxg2 12. Nc6 Qe8 13. Nxe7+ Qxe7 14. Kxg2 dxc4 15. bxc4 c5 16. e3 Rfc8 17. d5 exd5 18. cxd5 Qe4+ 19. Qf3 Qxf3+ 20. Kxf3 b5 21. Rac1 b4 22. Rc2 c4 23. Bd4 a5 24. Rfc1 c3 25. e4 Ra6 26. e5 Re8 27. Kf4 Raa8 28. a3 Rac8 29. Re2 g5+ 30. Kf5 Rc4 31. Ba7 b3 32. e6 fxe6+ 0-1